Walt Disney World: EPCOT World Showcase - Statistics

General Stats
  • This quiz has been taken 1,496 times
  • The average score is 10 of 11
Answer Stats
Hint Answer % Correct
China
98%
France
98%
Japan
97%
Mexico
96%
United States
96%
Canada
94%
Germany
94%
United Kingdom
92%
Norway
91%
Italy
89%
Morocco
86%
No matching quizzes found
Score Distribution
Percent of People with Each Score
Percentile by Number Answered
Your Score History
You have not taken this quiz